[Event "Festival Aloas 2014 - Torneo ITT"]
[Site "Buenos Aires ARG"]
[Date "2014.11.23"]
[Round "5.4"]
[White "Leon, Juan Carlos"]
[Black "Kropff, Ricardo"]
[Result "1/2-1/2"]
[WhiteElo "2269"]
[BlackElo "2174"]
[PlyCount "96"]
[EventDate "2014.11.20"]
[EventType "tourn"]
[EventRounds "9"]
[EventCountry "ARG"]
[Source "lmi"]
[SourceDate "2014.11.20"]

1. d4 d5 2. Nf3 Nf6 3. Bf4 c5 4. e3 Nc6 5. c3 Qb6 6. Qc1 Bg4 7. Nbd2 e6 8. Bd3
Be7 9. h3 Bh5 10. O-O O-O 11. a3 Rfc8 12. Qc2 c4 13. Be2 Bg6 14. Qc1 h6 15. Re1
Ne4 16. Nxe4 Bxe4 17. Nd2 Bg6 18. Bf3 Bf8 19. e4 Ne7 20. Be5 dxe4 21. Nxe4 Nd5
22. Nd2 Bd3 23. Nf1 Qd8 24. a4 Be7 25. g3 Bg5 26. Qd1 f6 27. Bxd5 Qxd5 28. f4
Bxf1 29. Rxf1 fxe5 30. fxg5 hxg5 31. Qh5 Rf8 32. Qxg5 exd4 33. Qxd5 exd5 34.
cxd4 Rae8 35. Rxf8+ Kxf8 36. Rf1+ Ke7 37. Re1+ Kd7 38. Rxe8 Kxe8 39. Kf2 Ke7
40. h4 Kf6 41. g4 g5 42. h5 a5 43. Ke3 b6 44. Kd2 Kf7 45. Kc3 Kf6 46. Kd2 Kf7
47. Kc3 Kf6 48. Kd2 Kf7 1/2-1/2

[Event "Festival Aloas 2014 - Torneo ITT"]
[Site "Buenos Aires ARG"]
[Date "2014.11.23"]
[Round "5.5"]
[White "Vazquez, Maximiliano"]
[Black "Carraro, Denise"]
[Result "1-0"]
[WhiteElo "2137"]
[BlackElo "2068"]
[PlyCount "61"]
[EventDate "2014.11.20"]
[EventType "tourn"]
[EventRounds "9"]
[EventCountry "ARG"]
[Source "lmi"]
[SourceDate "2014.11.20"]

1. d4 Nf6 2. c4 e6 3. Nc3 Bb4 4. e3 b6 5. Nge2 Ba6 6. a3 Bxc3+ 7. Nxc3 d5 8. b3
O-O 9. Be2 Nc6 10. a4 Na5 11. Ba3 Re8 12. O-O dxc4 13. b4 Nb3 14. Rb1 Nd5 15.
Nxd5 Qxd5 16. Rxb3 cxb3 17. Bxa6 c6 18. Qd3 e5 19. Bc4 Qd7 20. d5 Red8 21. e4
cxd5 22. exd5 Qxa4 23. Qxb3 Qxb3 24. Bxb3 a5 25. b5 Rac8 26. Be7 Rd7 27. d6 Rc3
28. Bd5 Rd3 29. Rc1 g5 30. Bf6 h6 31. Rc8+ 1-0

[Event "Festival Aloas 2014 - Torneo ITT"]
[Site "Buenos Aires ARG"]
[Date "2014.11.24"]
[Round "6.1"]
[White "Malbran, Guillermo"]
[Black "Carraro, Denise"]
[Result "1-0"]
[WhiteElo "2234"]
[BlackElo "2068"]
[PlyCount "93"]
[EventDate "2014.11.20"]
[EventType "tourn"]
[EventRounds "9"]
[EventCountry "ARG"]
[Source "lmi"]
[SourceDate "2014.11.20"]

1. e4 g6 2. d4 d6 3. Nf3 Bg7 4. h3 a6 5. a4 b6 6. Nc3 Bb7 7. Bd3 e6 8. O-O Nd7
9. Ne2 Ne7 10. c3 O-O 11. Ng3 c5 12. Bf4 Qc7 13. Qe2 Nc6 14. dxc5 bxc5 15. Rad1
Nb6 16. Ra1 h6 17. h4 Qe7 18. Qd2 Kh7 19. h5 Ne5 20. Bxe5 dxe5 21. Qe2 Rfc8 22.
Nd2 g5 23. Rfd1 Qc7 24. a5 Nd7 25. Nc4 Bc6 26. Nf1 Rd8 27. Nfe3 Ra7 28. Bc2 Bb5
29. Qf3 Nb8 30. Nb6 Rxd1+ 31. Rxd1 Bc6 32. Ned5 Qd8 33. Nb4 Qf8 34. Nd3 Nd7 35.
Qe3 Bb5 36. Nxd7 Rxd7 37. Nxc5 Rxd1+ 38. Bxd1 Qd6 39. Bc2 Bf8 40. b4 Kg7 41.
Bd3 Qc6 42. Bxb5 Qxb5 43. Qd3 Qxd3 44. Nxd3 Kf6 45. b5 Bd6 46. bxa6 Bb8 47. Nb4
1-0

[Event "Festival Aloas 2014 - Torneo ITT"]
[Site "Buenos Aires ARG"]
[Date "2014.11.24"]
[Round "6.2"]
[White "Kropff, Ricardo"]
[Black "Vazquez, Maximiliano"]
[Result "1/2-1/2"]
[WhiteElo "2174"]
[BlackElo "2137"]
[PlyCount "47"]
[EventDate "2014.11.20"]
[EventType "tourn"]
[EventRounds "9"]
[EventCountry "ARG"]
[Source "lmi"]
[SourceDate "2014.11.20"]

1. c4 c5 2. Nf3 Nc6 3. d4 cxd4 4. Nxd4 Nf6 5. Nc3 e5 6. Ndb5 d6 7. Bg5 a6 8.
Bxf6 gxf6 9. Na3 f5 10. g3 Bg7 11. Bg2 Be6 12. O-O Rc8 13. Rc1 O-O 14. Qd2 e4
15. Nd5 Re8 16. b3 Ne5 17. Nc2 b5 18. Nce3 bxc4 19. bxc4 Rc5 20. Rfd1 Bh6 21.
Qd4 Bg7 22. Qd2 Bh6 23. Qd4 Bg7 24. Qd2 1/2-1/2

[Event "Festival Aloas 2014 - Torneo ITT"]
[Site "Buenos Aires ARG"]
[Date "2014.11.24"]
[Round "6.3"]
[White "Nejanky, Maisa"]
[Black "Leon, Juan Carlos"]
[Result "1/2-1/2"]
[WhiteElo "2071"]
[BlackElo "2269"]
[PlyCount "112"]
[EventDate "2014.11.20"]
[EventType "tourn"]
[EventRounds "9"]
[EventCountry "ARG"]
[Source "lmi"]
[SourceDate "2014.11.20"]

1. e4 c5 2. Nc3 d6 3. Nf3 e5 4. Bc4 Be7 5. d3 Nf6 6. Bg5 Nc6 7. Bxf6 Bxf6 8.
Nd5 Rb8 9. a4 a6 10. c3 O-O 11. O-O Be6 12. h3 h6 13. Nh2 Bg5 14. Ng4 Ne7 15.
Nge3 Bxe3 16. Nxe3 d5 17. exd5 Nxd5 18. Nxd5 Bxd5 19. Qh5 b5 20. axb5 axb5 21.
Bxd5 Qxd5 22. Rfe1 Rbe8 23. Re3 Re6 24. Rg3 Qd6 25. Ra7 e4 26. Qg4 Rg6 27. Qxe4
Rxg3 28. fxg3 Qxg3 29. Re7 g6 30. Qe3 Qxe3+ 31. Rxe3 b4 32. Kf2 Ra8 33. cxb4
cxb4 34. Re4 Rb8 35. Ke3 Rb5 36. Kd2 h5 37. Kc2 f5 38. Re7 Kf8 39. Rh7 Rd5 40.
Kd2 f4 41. Rb7 Rg5 42. Rxb4 Rxg2+ 43. Kc3 Rf2 44. h4 Kf7 45. Kd4 Rh2 46. Ke5
Rxh4 47. Rb7+ Kg8 48. Kf6 f3 49. Kxg6 Rg4+ 50. Kxh5 Rg1 51. Rb8+ Kf7 52. Rb4
Ke6 53. Rf4 Rb1 54. Kg4 Ke5 55. Re4+ Kd5 56. Kxf3 Rxb2 1/2-1/2

[Event "Festival Aloas 2014 - Torneo ITT"]
[Site "Buenos Aires ARG"]
[Date "2014.11.24"]
[Round "6.5"]
[White "Meza, Anahi"]
[Black "Lozano, Betania"]
[Result "1-0"]
[WhiteElo "1986"]
[BlackElo "2037"]
[PlyCount "39"]
[EventDate "2014.11.20"]
[EventType "tourn"]
[EventRounds "9"]
[EventCountry "ARG"]
[Source "lmi"]
[SourceDate "2014.11.20"]

1. d4 d5 2. c4 e6 3. Nc3 f5 4. g3 Nf6 5. Bg2 c6 6. Nh3 Bd6 7. O-O O-O 8. Qd3
Qe7 9. f3 e5 10. dxe5 Bxe5 11. cxd5 Rd8 12. e4 Bxc3 13. bxc3 fxe4 14. fxe4 Nxe4
15. Bxe4 Bxh3 16. Rf4 g5 17. Rf2 Na6 18. Ba3 Qxa3 19. Bxh7+ Kh8 20. Qd4+ 1-0

[Event "Festival Aloas 2014 - Torneo ITT"]
[Site "Buenos Aires ARG"]
[Date "2014.11.25"]
[Round "7.1"]
[White "Lozano, Betania"]
[Black "Malbran, Guillermo"]
[Result "0-1"]
[WhiteElo "2037"]
[BlackElo "2234"]
[PlyCount "48"]
[EventDate "2014.11.20"]
[EventType "tourn"]
[EventRounds "9"]
[EventCountry "ARG"]
[Source "lmi"]
[SourceDate "2014.11.20"]

1. d4 Nf6 2. c4 c5 3. e3 g6 4. Nc3 Bg7 5. Nge2 O-O 6. g3 cxd4 7. Nxd4 d5 8.
cxd5 Nxd5 9. Bg2 Nxc3 10. bxc3 e5 11. Nb3 Qc7 12. Bb2 Rd8 13. Qc2 Bf5 14. e4
Be6 15. O-O Nc6 16. Nc5 Bc4 17. Rfd1 Bf8 18. Nb3 a5 19. Rxd8 Rxd8 20. Rd1 a4
21. Nd2 Be2 22. Re1 Nb4 23. Qb1 Bd3 24. Qc1 Nc2 0-1

[Event "Festival Aloas 2014 - Torneo ITT"]
[Site "Buenos Aires ARG"]
[Date "2014.11.25"]
[Round "7.2"]
[White "Vargas, Gabriela"]
[Black "Meza, Anahi"]
[Result "1-0"]
[WhiteElo "2119"]
[BlackElo "1986"]
[PlyCount "119"]
[EventDate "2014.11.20"]
[EventType "tourn"]
[EventRounds "9"]
[EventCountry "ARG"]
[Source "lmi"]
[SourceDate "2014.11.20"]

1. d4 Nf6 2. Nf3 g6 3. Bg5 Bg7 4. Nbd2 d5 5. e3 Nbd7 6. c3 h6 7. Bh4 g5 8. Bg3
Nh5 9. Bd3 Nxg3 10. hxg3 Nf6 11. Ne5 Qd6 12. Qb3 Qb6 13. Qxb6 axb6 14. f4 Ng4
15. Nxg4 Bxg4 16. Be2 Bd7 17. a3 O-O-O 18. O-O-O Bf6 19. e4 gxf4 20. gxf4 dxe4
21. Nxe4 Bg7 22. Bf3 Bc6 23. Nd2 Rd6 24. Bxc6 Rxc6 25. Ne4 Rg6 26. Rh2 Rg4 27.
Rf1 Rd8 28. Rf3 Rg6 29. f5 Rc6 30. Kb1 Rh8 31. Rg3 Bf8 32. Rh5 Kd8 33. Rg4 b5
34. Ng3 Ra6 35. Kc2 Ke8 36. Ne4 Rb6 37. Kd3 Ra6 38. Ke2 Rb6 39. Kf3 Kd8 40. Nf2
Kc8 41. Nd3 Kd8 42. Ne5 Ke8 43. Nd3 Kd8 44. Nf4 Ra6 45. Rh1 Rd6 46. Nh5 Rb6 47.
Re1 Rd6 48. Ree4 Rb6 49. Rg3 Rd6 50. Reg4 Kc8 51. Rg8 Rxg8 52. Rxg8 Rd8 53. Ke4
b6 54. g4 Kd7 55. Nf4 c6 56. Nd3 Re8 57. Ne5+ Kc7 58. Nxf7 Kd7 59. Ne5+ Kc7 60.
Ng6 1-0

[Event "Festival Aloas 2014 - Torneo ITT"]
[Site "Buenos Aires ARG"]
[Date "2014.11.25"]
[Round "7.3"]
[White "Leon, Juan Carlos"]
[Black "Cuevas, Alex"]
[Result "1/2-1/2"]
[WhiteElo "2269"]
[BlackElo "2262"]
[PlyCount "67"]
[EventDate "2014.11.20"]
[EventType "tourn"]
[EventRounds "9"]
[EventCountry "ARG"]
[Source "lmi"]
[SourceDate "2014.11.20"]

1. e4 c5 2. Nf3 e6 3. d4 cxd4 4. Nxd4 a6 5. Bd3 Bc5 6. Nb3 Be7 7. O-O d6 8. c4
Nd7 9. Nc3 Qc7 10. f4 b6 11. Be3 Bb7 12. Qg4 Ngf6 13. Qh3 g6 14. Rac1 h5 15.
Bd4 Nc5 16. f5 gxf5 17. Rc2 Nxd3 18. Qxd3 f4 19. Nd5 exd5 20. cxd5 Qd8 21. Rxf4
Rg8 22. Qf3 Ng4 23. Rxf7 Rc8 24. Rxc8 Qxc8 25. h3 Qc2 26. hxg4 Rxg4 27. Rf4 Bc8
28. Rxg4 Bxg4 29. Qe3 h4 30. Bc3 Qd1+ 31. Qe1 Qd3 32. Nc1 Qc2 33. Qe3 Qd1+ 34.
Qe1 1/2-1/2

[Event "Festival Aloas 2014 - Torneo ITT"]
[Site "Buenos Aires ARG"]
[Date "2014.11.25"]
[Round "7.4"]
[White "Vazquez, Maximiliano"]
[Black "Nejanky, Maisa"]
[Result "1-0"]
[WhiteElo "2137"]
[BlackElo "2071"]
[PlyCount "113"]
[EventDate "2014.11.20"]
[EventType "tourn"]
[EventRounds "9"]
[EventCountry "ARG"]
[Source "lmi"]
[SourceDate "2014.11.20"]

1. d4 Nf6 2. c4 e6 3. Nc3 Bb4 4. e3 O-O 5. a3 Bxc3+ 6. bxc3 b6 7. Bd3 Bb7 8. f3
d6 9. e4 c5 10. Bg5 Nc6 11. Ne2 e5 12. d5 Na5 13. Ng3 h6 14. Be3 Ba6 15. Qe2
Qe8 16. a4 Rd8 17. Nf5 Bc8 18. g4 Bxf5 19. gxf5 Kh7 20. Qf2 Qe7 21. Rg1 Nh5 22.
Qg2 Qh4+ 23. Bf2 Qf6 24. Qg4 Nf4 25. Bh4 Nxd3+ 26. Kd2 g5 27. fxg6+ Qxg6 28.
Kxd3 Qxg4 29. Rxg4 f5 30. exf5 Rd7 31. f6 h5 32. Rg3 Rdf7 33. Rag1 Rxf6 34.
Bxf6 Rxf6 35. Rg7+ Kh6 36. Re7 Rxf3+ 37. Ke2 Rxc3 38. Re6+ Kh7 39. Rxd6 Nxc4
40. Rd7+ Kh6 41. Rd8 Kh7 42. d6 Re3+ 43. Kf2 Rd3 44. d7 e4 45. Rgg8 e3+ 46. Ke1
Rxd7 47. Rxd7+ Kxg8 48. Rxa7 Ne5 49. Ke2 Nc4 50. Kd3 Ne5+ 51. Kxe3 Ng4+ 52. Kf4
Nxh2 53. Rb7 Nf1 54. Rxb6 Nd2 55. a5 Nc4 56. Rb8+ Kf7 57. a6 1-0

[Event "Festival Aloas 2014 - Torneo ITT"]
[Site "Buenos Aires ARG"]
[Date "2014.11.25"]
[Round "7.5"]
[White "Carraro, Denise"]
[Black "Kropff, Ricardo"]
[Result "0-1"]
[WhiteElo "2068"]
[BlackElo "2174"]
[PlyCount "88"]
[EventDate "2014.11.20"]
[EventType "tourn"]
[EventRounds "9"]
[EventCountry "ARG"]
[Source "lmi"]
[SourceDate "2014.11.20"]

1. e4 e5 2. Nf3 Nf6 3. Nxe5 d6 4. Nf3 Nxe4 5. Nc3 Nxc3 6. dxc3 Be7 7. Bd3 Bg4
8. Bf4 Nc6 9. h3 Bh5 10. g4 Bg6 11. Qd2 Qd7 12. O-O-O O-O-O 13. Bb5 a6 14. Ba4
b5 15. Qe2 Rhe8 16. Be3 Be4 17. Bb3 d5 18. Rhe1 Na5 19. Nd2 Bg6 20. Kb1 c5 21.
h4 h6 22. h5 Bh7 23. c4 Bf6 24. Qf3 Qe6 25. Ka1 Qe5 26. c3 Qxc3 27. Rb1 Qd3 28.
Rbc1 bxc4 29. Bc2 Qxc2 30. Rxc2 Bxc2 31. Rc1 Bd3 32. Bxc5 Nc6 33. Be3 Re6 34.
a3 Rd7 35. Ka2 a5 36. Qd1 Rb7 37. b3 cxb3+ 38. Nxb3 Bc4 39. Rxc4 dxc4 40. Nd4
Nxd4 41. g5 Nb5 42. Qc2 Nc3+ 43. Ka1 hxg5 44. Qh7 Rb1+ 0-1

[Event "Festival Aloas 2014 - Torneo ITT"]
[Site "Buenos Aires ARG"]
[Date "2014.11.26"]
[Round "8.1"]
[White "Malbran, Guillermo"]
[Black "Kropff, Ricardo"]
[Result "1-0"]
[WhiteElo "2234"]
[BlackElo "2174"]
[PlyCount "85"]
[EventDate "2014.11.20"]
[EventType "tourn"]
[EventRounds "9"]
[EventCountry "ARG"]
[Source "lmi"]
[SourceDate "2014.11.20"]

1. e4 e5 2. Nf3 Nf6 3. Nc3 Bb4 4. Nxe5 O-O 5. Nd3 Bxc3 6. dxc3 Nxe4 7. Nf4 Re8
8. Be3 d6 9. Bd3 Nd7 10. O-O Ndc5 11. Re1 Nxd3 12. Qxd3 Nf6 13. Bd4 Be6 14. Re3
Ng4 15. Nxe6 fxe6 16. Rh3 g6 17. Rg3 Qh4 18. h3 Ne5 19. Bxe5 dxe5 20. Qe2 Rad8
21. Qxe5 Rd2 22. Qxc7 Rf8 23. Rf1 Rxc2 24. Qxb7 Qc4 25. Qb3 Qxb3 26. axb3 Rxb2
27. c4 Rb8 28. Ra1 Rb7 29. Re3 Kf7 30. Ra6 e5 31. Rxe5 Rb1+ 32. Kh2 R1xb3 33.
Rea5 Rc3 34. Rxa7 Rxa7 35. Rxa7+ Kf6 36. Rxh7 Rxc4 37. Kg3 Rb4 38. f4 Rb2 39.
Kf3 Rb3+ 40. Kg4 Rb2 41. g3 Rb5 42. h4 Ra5 43. h5 1-0

[Event "Festival Aloas 2014 - Torneo ITT"]
[Site "Buenos Aires ARG"]
[Date "2014.11.26"]
[Round "8.2"]
[White "Nejanky, Maisa"]
[Black "Carraro, Denise"]
[Result "0-1"]
[WhiteElo "2071"]
[BlackElo "2068"]
[PlyCount "79"]
[EventDate "2014.11.20"]
[EventType "tourn"]
[EventRounds "9"]
[EventCountry "ARG"]
[Source "lmi"]
[SourceDate "2014.11.20"]

1. e4 g6 2. d4 d6 3. Nc3 Bg7 4. f4 a6 5. Nf3 b5 6. Be3 Bb7 7. Bd3 Nd7 8. a4 b4
9. Nb1 c5 10. c3 Ngf6 11. Nbd2 bxc3 12. bxc3 O-O 13. a5 Qc7 14. Qe2 e5 15. fxe5
dxe5 16. d5 Bxd5 17. exd5 Nxd5 18. Ra3 Rae8 19. Be4 N7f6 20. O-O Nxe4 21. Nxe4
f5 22. Neg5 Nxe3 23. Qxe3 h6 24. Nh3 e4 25. Nd2 Rd8 26. Nf2 Rfe8 27. g3 Kh7 28.
Nc4 Qf7 29. Qe2 Bf6 30. Ne3 Rd7 31. c4 Bd4 32. Nd5 g5 33. g4 f4 34. Kh1 Qe6 35.
Re1 e3 36. Qf3 exf2 37. Rxe6 Rxe6 38. Kg2 Rde7 39. Qd3+ Kg7 40. Nb6 0-1

[Event "Festival Aloas 2014 - Torneo ITT"]
[Site "Buenos Aires ARG"]
[Date "2014.11.26"]
[Round "8.3"]
[White "Cuevas, Alex"]
[Black "Vazquez, Maximiliano"]
[Result "1-0"]
[WhiteElo "2262"]
[BlackElo "2137"]
[PlyCount "75"]
[EventDate "2014.11.20"]
[EventType "tourn"]
[EventRounds "9"]
[EventCountry "ARG"]
[Source "lmi"]
[SourceDate "2014.11.20"]

1. c4 c5 2. g3 Nc6 3. Bg2 g6 4. Nc3 Bg7 5. e3 Bxc3 6. dxc3 d6 7. Nf3 Be6 8. Qe2
Qd7 9. Ng5 Bg4 10. f3 Be6 11. e4 O-O-O 12. h4 Kb8 13. Nxe6 Qxe6 14. Bh3 Qe5 15.
Bf4 Qg7 16. O-O-O Nf6 17. g4 Nd7 18. g5 Rhf8 19. Be3 f5 20. exf5 gxf5 21. Rd5
f4 22. Bxd7 Rxd7 23. Bxc5 Rc7 24. Bd4 Qf7 25. b3 Rd8 26. Bf2 Ne5 27. Rhd1 Rdc8
28. Kb2 Qh5 29. R1d4 Rf8 30. c5 Nc6 31. cxd6 exd6 32. Re4 Rfc8 33. Rxf4 Ne7 34.
Rxd6 Ng6 35. Ra4 a6 36. Rb4 Rc6 37. Rxc6 Rxc6 38. Qe8+ 1-0

[Event "Festival Aloas 2014 - Torneo ITT"]
[Site "Buenos Aires ARG"]
[Date "2014.11.26"]
[Round "8.4"]
[White "Meza, Anahi"]
[Black "Leon, Juan Carlos"]
[Result "0-1"]
[WhiteElo "1986"]
[BlackElo "2269"]
[PlyCount "62"]
[EventDate "2014.11.20"]
[EventType "tourn"]
[EventRounds "9"]
[EventCountry "ARG"]
[Source "lmi"]
[SourceDate "2014.11.20"]

1. d4 Nf6 2. c4 e5 3. dxe5 Ng4 4. Nf3 Bc5 5. e3 Nc6 6. Be2 Ngxe5 7. O-O O-O 8.
Nc3 d6 9. Na4 Bb6 10. Nxe5 Nxe5 11. b4 Qh4 12. c5 dxc5 13. bxc5 Rd8 14. Qc2 Ba5
15. f4 Nc6 16. Bb2 Rd2 17. Qe4 Be6 18. Qf3 Qe7 19. Qg3 f6 20. Bf3 Bc4 21. Rfe1
Bb5 22. Nc3 Rxb2 23. Nd5 Qf8 24. Reb1 Rxb1+ 25. Rxb1 Ba6 26. Rd1 Ne7 27. Be4
Nxd5 28. Rxd5 Re8 29. Bc2 Qe7 30. e4 Bc4 31. Rh5 Bf7 0-1

[Event "Festival Aloas 2014 - Torneo ITT"]
[Site "Buenos Aires ARG"]
[Date "2014.11.26"]
[Round "8.5"]
[White "Lozano, Betania"]
[Black "Vargas, Gabriela"]
[Result "0-1"]
[WhiteElo "2037"]
[BlackElo "2119"]
[PlyCount "58"]
[EventDate "2014.11.20"]
[EventType "tourn"]
[EventRounds "9"]
[EventCountry "ARG"]
[Source "lmi"]
[SourceDate "2014.11.20"]

1. e4 d5 2. exd5 Qxd5 3. d4 Nf6 4. Nf3 c6 5. Be2 Bf5 6. O-O e6 7. c4 Qd6 8. Qb3
Qb4 9. Qxb4 Bxb4 10. a3 Bd6 11. b4 a5 12. c5 Bc7 13. b5 cxb5 14. Bxb5+ Nc6 15.
Nc3 O-O 16. Be3 Ne7 17. Nh4 Be4 18. Nxe4 Nxe4 19. Bd3 Nf6 20. Rab1 Rfb8 21. Rb3
Nfd5 22. Rc1 b6 23. cxb6 Rxb6 24. Bc4 Rxb3 25. Bxb3 Rb8 26. Ba4 Bd6 27. Nf3
Bxa3 28. Ra1 Bb2 29. Re1 Nc3 0-1